Reliability Assessment of Polymeric Insulators under Accelerated Environmental Stresses / (Record no. 615601)

000 -LEADER
fixed length control field 00501nam a22001577a 4500
082 ## - DEWEY DECIMAL CLASSIFICATION NUMBER
Classification number 621.31
Author Mark RAH
100 ## - MAIN ENTRY--PERSONAL NAME
Personal name Rahman, Humza Abdul (363837)
245 ## - TITLE STATEMENT
Title Reliability Assessment of Polymeric Insulators under Accelerated Environmental Stresses /
264 ## - PRODUCTION, PUBLICATION, DISTRIBUTION, MANUFACTURE, AND COPYRIGHT NOTICE
Place of production, publication, distribution, manufacture Islamabad :
Name of producer, publisher, distributor, manufacturer USPCAS-E, NUST
Date of production, publication, distribution, manufacture, or copyright notice September, 2025
300 ## - PHYSICAL DESCRIPTION
Extent xiii, 67 p.
Accompanying material +CD
520 ## - SUMMARY, ETC.
Summary, etc. TH-684
650 ## - SUBJECT ADDED ENTRY--TOPICAL TERM
Topical term or geographic name entry element MS EEP Thesis
650 ## - SUBJECT ADDED ENTRY--TOPICAL TERM
Topical term or geographic name entry element MS Thesis
700 ## - ADDED ENTRY--PERSONAL NAME
Personal name Supervisor: Dr Syed Ali Abbas Kazmi
942 ## - ADDED ENTRY ELEMENTS (KOHA)
Source of classification or shelving scheme
Koha item type Thesis
Holdings
Withdrawn status Permanent Location Current Location Date acquired Full call number Barcode Koha item type
  US-Pakistan Center for Advanced Studies in Energy (USPCAS-E) US-Pakistan Center for Advanced Studies in Energy (USPCAS-E) 12/17/2025 621.31 RAH CAS-ETH0000684 Thesis
© 2023 Central Library, National University of Sciences and Technology. All Rights Reserved.